000 00496nam a2200205Ia 4500
003 0100
008 130303s9999 xx 000 0 und d
040 _cARRUPELIB
050 _aQ175.32.R42P751999
100 _aPsillos, Stathis
245 _aScientific realism
245 _bhow science tracks truth
260 _aLondon
260 _bRoutledge
260 _C1999
300 _a341 p.
650 _bLiterature Villages -- Nigeria -- Fiction
700 _aStathis Psillos
942 0 0 _01
999 _c13753
_d13753